000 01408nam a2200397 ia4500
003 OSt
005 20230914164507.0
008 230903t20232023my a jr 000 1 may
020 _a9789672728894
_qpaperback
_cRM 69.90
040 _aPPAK
_beng
_cPPAK
_erda
041 1 _amay
_heng
082 0 4 _a499.2386
_223
090 0 0 _a499.2386
_bGAN
_dK
100 0 _aGanesan, Jeyalakshmi,
_eauthor.
245 1 0 _aSAYA BACAKAN UNTUK MU :
_bPermainan PENYAMARAN /
_cPengarang: Jeyalakshmi Ganesan ; Ilustrator: Arkapriya Koley, Jayaprakash Bojan, Karthikeyan S. ; Penterjemah: Nurhazwani.
246 3 3 _aPermainan penyamaran
264 1 _aPetaling Jaya, Selangor :
_bEdu Apps (Mal) Sdn. Bhd.,
_c2023
264 4 _c©2023
300 _a22 pages :
_bcolour illustrations ;
_c21 cm.
336 _atext
_2rdacontent
336 _astill image
_2rdacontent
337 _aunmediated
_2rdamedia
338 _avolume
_2rdacarrier
490 1 _aSIRI STEM
500 _aRE@RE recordable audio books
546 _aTranslated from English
650 1 0 _aMalay language
_vReaders
_vJuvenile fiction
650 2 0 _aChildren's stories, Malay
650 2 0 _aAudiobooks
700 1 _aKoley, Arkapriya,
_eillustrator.
700 1 _aBojan, Jayaprakash,
_eillustrator.
700 1 _aS., Karthikeyan,
_eillustrator.
700 0 _aNurhazwani,
_etranslator.
830 0 _aSiri STEM
942 _2ddc
_cB
999 _c192954
_d192954